00521nam a2200169Ia 45000010006000000050017000060080041000230200007000640400013000710820021000841000019001052450130001242600049002545460007003036500023003107000018003334969320220118153955.0140502s9999 xx 000 0 und d aNA cPK-LaUMT a346.00264PbCIV- aMuhammad Saeed aCivil law cases [CLC, 1980] :bA monthly journal of civil cases approved for reporting /cby Muhammad Saeed and Muhammad Asaf aLahore,Pakistan:bThe Civil Law Cases,c1980 aEN aCivil Law-Pakistan aMuhammad Asaf